Dr.小志志圖解健康醫學 (Record no. 809)
[ view plain ]
| 000 -記錄標示 | |
|---|---|
| fixed length control field | 00314nam a2200121Ia 4500 |
| 008 - 定長欄資料代碼 | |
| fixed length control field | 180130s9999||||xx |||||||||||||| ||und|| |
| 020 ## - 國際標準書號 | |
| 價格與相關資訊 | NT350 |
| 國際標準書號 | 978-986-477-071-7 |
| 100 ## - 主要款目--主要著者 | |
| 個人姓名 | 白映俞 |
| 245 #0 - 題名及著者敘述項 | |
| 著者敍述 | 白映俞 |
| 正題名 | Dr.小志志圖解健康醫學 |
| 250 ## - 版本項 | |
| 版本敍述 | 初版 |
| 260 ## - 出版項 | |
| 出版年 | 2016.07 |
| 出版地 | 台北市 |
| 300 ## - 稽核項 | |
| 高廣尺寸 | cm. |
| 數量(面數, 冊數或其他) | p. |
| 942 ## - 附加款目元素 (KOHA) | |
| 分類法來源 | 中文圖書分類法 |
| Koha 館藏類型 | 一般圖書 |
| 撤銷狀態 | 遺失狀態 | 分類號來源 | 損壞狀態 | 不外借 | 永久館藏地 | 現在館藏地 | 採購日期 | 全部借出 | 全部續借 | 完整索書號 | 條碼號 | 最後一次日期記錄 | Date last checked out | 一般價格有效日期 | Koha館藏類型 |
|---|---|---|---|---|---|---|---|---|---|---|---|---|---|---|---|
| 未註銷館藏 | 未遺失 | 中文圖書分類法 | 未損毀 | 可外借 | 怡仁綜合醫院圖書館 | 怡仁綜合醫院圖書館 | 2018-01-30 | 3 | 2 | 429 2668 | C02263 | 2023-04-06 | 2023-03-30 | 2018-01-30 | 一般圖書 |